• 首页
  • 本馆介绍
  • 公告通知
  • 最新文献
  • 馆藏检索
  • 电子资源
  • 读者导购
  • 参考咨询
  • 我的图书馆
  • 登录
  • 详细信息显示
  • 放入我的书架
  • 预约/预借图书
  • 作者相关作品
  • 分类相关作品
  • 丛书相关作品
  • 出版社相关作品

书目信息

  • 表格格式
  • 工作单格式
  • 卡片格式
题名:
广州史话
    
 
作者: 徐俊鸣 著
分册:  
出版信息: 上海   上海人民出版社  1984
页数: 176页
开本: 19cm
丛书名: 地方史话
单 册:
中图分类: K296.5
科图分类:
主题词: 地方史--广州市 , 中国--地方史 , 中国--地方志
电子资源:
ISBN:
000 00723nam2 2200277 45
001 0184012482
005 20060516103253.40
010    @dCNY0.47
091    @a11074.626
100    @a19950114d1984 em y0chiy0121 ea
101 0  @achi
102    @aCN@b310000
105    @ay z 000yy
200 10 @a广州史话@Aguang zhou shi hua@f徐俊鸣等著@Fxu jun ming deng zhu
210    @a上海@c上海人民出版社@d1984
215    @a176页@d19cm
225 2  @a地方史话
410  0 @120010@a地方史话
606    @a地方史@y广州市
606 0  @a中国@x地方史
606 0  @a中国@x地方志
690    @aK296.5@v4
701  0 @a徐俊鸣@Axu jun ming@4著
801  2 @aCN@bNLC@c20060516
801  0 @aCN@b上海图书馆@c20040517
905    @dK296.5@e54
    
    广州史话/徐俊鸣等著.-上海:上海人民出版社,1984
    176页;19cm.-(地方史话)
    
    
    ISBN :CNY0.47
    
●
相关链接 在E读中查询图书 在五车中查询图书 在当当中查询图书 在豆瓣中查询图书


正题名:广州史话     索取号:K296.5/54         预约/预借

序号 登录号 条形码 馆藏地/架位号 状态 备注
1 0130264   202336613   密集书库/ [索取号:K296.5/54] 在馆    
唐山师范学院图书馆 欢迎您!
大连网信软件有限公司© 版权所有